=LDR 00000nam 2200000 4500 =001 NUTBA000000000004498 =005 20141022091615.0 =006 =007 =008 =020 ##$$a 978-602-8661-87-4 =035 ##$$0010-091400000000531 =040 ##$$a NBPDMAT =082 ##$$a 641.34 =084 ##$$a 641.34 Emm j =100 ##$$a Emma S. Wirakusumah =245 ##$$a Jus Sehat Buah dan sayuran / $c Emma S. Wirakusumah =250 ##$$a Cet. 1 =260 ##$$a Jakarta : $b Penebar Swadaya, $c 2013 =300 ##$$a vi, 185 hlm. : $b ilus. ; $c 24 cm. =500 ##$$a Bibliografi : hlm. 184 =650 ##$$a MINUMAN JUS =990 ##$$a 21410262 =990 ##$$a 0001/BPAP-NTB/20142014 =990 ##$$a 0001/BPAP-NTB/20142014 =990 ##$$a 0001/BPAP-NTB/20142014 =990 ##$$a 0001/BPAP-NTB/2015 =990 ##$$a 0001/BPAP-NTB/2015 =990 ##$$a 0001/BPAP-NTB/2016 =990 ##$$a 0001/BPAP-NTB/2016